000 00302nam a2200133Ia 4500
100 _aKamm/Lawrence J.
942 _cBK
654 _amechanical
245 _aUnderstanding Electro Mechanical egineering
260 _bPrentice Hall
_c2000
082 _a621
_bKAM
300 _a382
546 _aENGLISH
999 _c25862
_d25862